000 00282nam a2200109 4500
999 _c10935
_d10935
003 OSt
005 20221102165158.0
008 221102b ||||| |||| 00| 0 eng d
245 _aLandscape design theory and practice presentation skills
260 _bUniversities press
942 _2ddc